Hevea germplasm and its potential (Record no. 60326)

MARC details
000 -LEADER
fixed length control field 00331nam a2200121Ia 4500
100 ## - MAIN ENTRY--AUTHOR NAME
Personal name Liyanage K K
245 #0 - TITLE STATEMENT
Title Hevea germplasm and its potential
260 ## - PUBLICATION, DISTRIBUTION, ETC. (IMPRINT)
Name of publisher Bulletin of the Rubber Research Institute of Sri Lanka
Year of publication 2007
300 ## - PHYSICAL DESCRIPTION
Number of Pages 16-26
650 ## - SUBJECT ADDED ENTRY--TOPICAL TERM
Topical Term Germplasm
942 ## - ADDED ENTRY ELEMENTS (KOHA)
Koha item type Journals
Holdings
Withdrawn status Lost status Damaged status Not for loan Home library Current library Shelving location Date acquired Serial Enumeration / chronology Koha item type
      Journals RRII Library RRII Library Germaplsm 01/05/2008 Volume 48, Issue .. Journals